Country singer to song - Statistics

General Stats
  • This quiz has been taken 5 times
  • The average score is 6 of 16
Answer Stats
Song name Artist % Correct
She got the best of me Luke Combs
80%
Die a Happy Man Thomas Rhett
80%
She had me at heads Carolina Cole Swindell
60%
7 Summers Morgan Wallen
60%
Pour Me A Drink Post Malone
60%
Fiddle in the Band Kane Brown
40%
Ladies Love Country Boys Trace Adkins
40%
All To Myself Dan and Shay
20%
Southern Style Darius Rucker
20%
I Hope (feat. Charlie Puth) Gabby Barrett
20%
Chills James Barker Band
20%
Damn Good Time Jordan Davis
20%
World on Fire Nate Smith
20%
Water under the bridge Sam Hunt
20%
A Bar Song Shaboozey
20%
Always Gonna Love You Florida Georgia Line
0%
No matching quizzes found
Score Distribution
Percent of People with Each Score
Percentile by Number Answered
Your Score History
You have not taken this quiz